新・産業論 : ニューフロンティアへの戦略
Guardat en:
| Autor corporatiu: | |
|---|---|
| Format: | Llibre |
| Idioma: | Undetermined |
| Publicat: |
東京
日本経済新聞社
1988
|
| Matèries: | |
| Etiquetes: |
Afegir etiqueta
Sense etiquetes, Sigues el primer a etiquetar aquest registre!
|
| Thư viện lưu trữ: | Trung tâm Học liệu Trường Đại học Cần Thơ |
|---|
| LEADER | 00574nam a2200205Ia 4500 | ||
|---|---|---|---|
| 001 | CTU_85473 | ||
| 008 | 210402s9999 xx 000 0 und d | ||
| 082 | |a 338.0952 | ||
| 082 | |b N691 | ||
| 110 | |a 日本経済新聞社 | ||
| 245 | 0 | |a 新・産業論 : | |
| 245 | 0 | |b ニューフロンティアへの戦略 | |
| 245 | 0 | |c 日本経済新聞社 | |
| 260 | |a 東京 | ||
| 260 | |b 日本経済新聞社 | ||
| 260 | |c 1988 | ||
| 650 | |a Economic Conditions,Japanese economy | ||
| 650 | |z Japan | ||
| 904 | |i Ngoc | ||
| 980 | |a Trung tâm Học liệu Trường Đại học Cần Thơ | ||